Statistics for Countries by National Anthem Title

Click here to take the quiz!

General Stats

  • This quiz has been taken 124 times
  • The average score is 9 of 20

Answer Stats

National AnthemCountry% Correct
The Star-Spangled BannerUnited States
98%
Swiss PsalmSwitzerland
97%
The Song of MarseilleFrance
94%
God Save the QueenUnited Kingdom
93%
His Majesty's ReignJapan
65%
The March of IndependenceTurkey
48%
Hymn to LibertyGreece
43%
My Country (x3)Egypt
41%
Hymn of the IsthmusPanama
40%
Yes, We Love This CountryNorway
39%
Song of AbidjanCote d'Ivoire
36%
The Royal SaluteSaudi Arabia
34%
Chosen LandPhilippines
33%
The Great CharlemagneAndorra
31%
Peace to the AmirQatar
26%
The Anthem of BayamoCuba
25%
Hundreds of FlowersNepal
25%
We, We, WeVanuatu
16%
A ToastSlovenia
10%
The Union of the Great IslandsComoros
8%

Score Distribution

Percentile by Number Answered

Percent of People with Each Score

Your Score History

You have not taken this quiz